History and philosophy of social work in India : (Record no. 59717)
[ view plain ]
| 000 -LEADER | |
|---|---|
| fixed length control field | 00933nam a2200265 a 4500 |
| 001 - CONTROL NUMBER | |
| control field | 59717 |
| 003 - CONTROL NUMBER IDENTIFIER | |
| rucl marc code | BD-RjUL |
| 005 - DATE AND TIME OF LATEST TRANSACTION | |
| control field | 20211209080748.0 |
| 008 - FIXED-LENGTH DATA ELEMENTS--GENERAL INFORMATION | |
| fixed length control field | 161227s1961 ii | 001 0 eng |
| 035 ## - SYSTEM CONTROL NUMBER | |
| System control number | (BD-RjUL)59841 |
| 040 ## - CATALOGING SOURCE | |
| Original cataloging agency | DLC |
| Transcribing agency | IAU |
| Modifying agency | EQO |
| -- | BD-RjUL |
| Language of cataloging | eng |
| 041 ## - LANGUAGE CODE | |
| Language code of text/sound track or separate title | eng |
| 082 0# - DEWEY DECIMAL CLASSIFICATION NUMBER | |
| Classification number | 361.954 |
| Edition number | 23 |
| Author mark and year | HIS 1961 |
| 245 10 - TITLE STATEMENT | |
| Title | History and philosophy of social work in India : |
| Remainder of title | a souvenir volume of the silver jubilee celebrations of the Tata Institute of Social Sciences / |
| Statement of responsibility, etc. | Edited by A. R. Wadia ; assisted by N. Hormasji. |
| 260 ## - PUBLICATION, DISTRIBUTION, ETC. (IMPRINT) | |
| Place of publication, distribution, etc. | Bombay : |
| Name of publisher, distributor, etc. | Allied Publishers, |
| Date of publication, distribution, etc. | c1961. |
| 300 ## - PHYSICAL DESCRIPTION | |
| Pagination | x, 522 p. ; |
| Size | 22 cm. |
| 500 ## - GENERAL NOTE | |
| General note | Includes index |
| 650 #0 - SUBJECT ADDED ENTRY--TOPICAL TERM | |
| Topical term or geographic name as entry element | Public welfare |
| Geographic subdivision | India. |
| General subdivision | History. |
| 9 (RLIN) | 177692 |
| Topical term or geographic name as entry element | Charities |
| Geographic subdivision | India |
| General subdivision | History. |
| 9 (RLIN) | 177693 |
| 700 ## - ADDED ENTRY--PERSONAL NAME | |
| Personal name | Wadia, A. R. |
| Personal name | Hormasji, N. |
| 710 2# - ADDED ENTRY--CORPORATE NAME | |
| Corporate name or jurisdiction name as entry element | Tata Institute of Social Sciences. |
| 9 (RLIN) | 177696 |
| 942 ## - ADDED ENTRY ELEMENTS (KOHA) | |
| Source of classification or shelving scheme | Dewey Decimal Classification |
| Koha item type | Books |
| Lost status | Source of classification or shelving scheme | Damaged status | Not for loan | Collection code | Permanent Location | Current Location | Shelving location | Date acquired | Source of acquisition | Cost, normal purchase price | Total Checkouts | Full call number | Date last seen | Copy number | Koha item type |
|---|---|---|---|---|---|---|---|---|---|---|---|---|---|---|---|
| Dewey Decimal Classification | Not For Loan | Non-fiction | Central Library, University of Rajshahi | Central Library, University of Rajshahi | Reading Room | 01/01/1965 | Thomas & thomas | 36.00 | 361.954 HIS 1961 | 27/12/2016 | C-1 | Books |